Qualitative analysis and the properties of ions in aqueous solution (Record no. 26721)

MARC details
000 -LEADER
fixed length control field 00356nam a2200121Ia 4500
082 ## - DEWEY DECIMAL CLASSIFICATION NUMBER
Classification number 54-128:543.061
Item number SLO
100 ## - MAIN ENTRY--AUTHOR NAME
Personal name Masterton, William L
245 #0 - TITLE STATEMENT
Title Qualitative analysis and the properties of ions in aqueous solution
260 ## - PUBLICATION, DISTRIBUTION, ETC. (IMPRINT)
Place of publication Philadelphia
Name of publisher Saunders
Year of publication 1971
700 ## - ADDED ENTRY--PERSONAL NAME
Personal name Slowinski
942 ## - ADDED ENTRY ELEMENTS (KOHA)
Koha item type Books
Holdings
Withdrawn status Lost status Damaged status Not for loan Home library Current library Date acquired Cost, normal purchase price Full call number Accession Number Koha item type
        RRII Library RRII Library 16/12/2021 43.23 54-128:543.061 SLO 07353 Books